Państwa w których odbyło się Skautowe Jamboree - Statystyki

Ogólne statystyki
  • Ten quiz został rozwiązany 23 razy
  • Średni wynik to 17 z 18
Odpowiedzi na mapie
Odpowiedzi zakodowano w zielono-czerwonej skali na mapie do tego quizu, zgodnie z poniższymi procentami.
 
Statystyki odpowiedzi
Data Państwo gospodarz % Poprawnych
1947 Francja
100%
1971, 2015 Japonia
100%
2027 Polska
100%
1967, 2019 Stany Zjednoczone
100%
2011 Szwecja
100%
1988 Australia
95%
1924 Dania
95%
1963 Grecja
95%
1975 Norwegia
95%
1933 Węgry
95%
1920, 1929, 1957 Wielka Brytania
95%
1951 Austria
90%
1999 Chile
90%
1937, 1995 Holandia
90%
1955, 1983 Kanada
90%
1991, 2023 Korea Południowa
90%
2003 Tajlandia
90%
1959 Filipiny
85%
Nie znaleziono quizów pasujących do podanych kryteriów
Rozkład punktacji
Procent ludzi z każdym wynikiem
Percentyl według liczby udzielonych odpowiedzi
Twoja historia wyników
Nie rozwiązałeś tego quizu